000 00277nam a2200121 i 4500
001 bg
245 0 _aTechnologia kształcenia :
_bzbiór referatów.
260 _aPoznań,
_c1980.
040 _cBPK
041 _apol
942 _cKS
008 s pl f |000 0 pol
999 _c20676
_d20676
856 _uhttp://koha.tu.koszalin.pl/cgi-bin/koha/opac-detail.pl?biblionumber=20676
_yKatalog online BPK